[Event "Pleven BUL, Junior Ch U20"]
[Site "Pleven BUL"]
[Date "2006.02.27"]
[Round "9.1"]
[White "Evstatiev, G."]
[Black "Bojchev, M."]
[Result "0-1"]
[WhiteElo "2198"]
[BlackElo "2354"]
[PlyCount "118"]
[EventDate "2006.02.22"]

1. e4 c5 2. Nf3 e6 3. d4 cxd4 4. Nxd4 Nf6 5. Nc3 d6 6. Be2 Be7 7. O-O O-O 8.
Be3 Nc6 9. f4 e5 10. Nf5 Bxf5 11. exf5 exf4 12. Rxf4 d5 13. Kh1 Bd6 14. Rf1 Be5
15. Bg5 Qd6 16. Bxf6 {N 16.Bd3 Rfe8 17.Qf3 Bc3 18.bc3 Ne4 19.Bf4 Qf6 20.Rab1
b6 Harandi - Spaski, Manila 1976} Qxf6 17. Qxd5 Qh4 $17 18. g3 Bxg3 19. Qg2 Be5
20. Rf3 Bxc3 $2 {20...Rad8.} 21. Rxc3 Qf6 22. Rg3 Kh8 23. Rg1 Rg8 24. Qh3 Ne5
25. Bd3 Rad8 26. Be4 b6 27. Qh5 Rd4 28. Rh3 h6 29. Qe2 Rd6 30. Qe3 Nc4 31. Qf4
Qe5 32. Qxe5 Nxe5 $11 33. b3 Rd4 34. Re1 Ng4 35. Rh4 Nf6 36. c3 Rd2 37. a4 Re8
38. Kg1 Rb2 39. b4 Rb3 {39...a5.} 40. Kf2 Rxc3 $17 41. Bb7 Rxe1 42. Kxe1 Rc7
43. Bf3 Re7+ 44. Kd2 Re5 45. Rf4 Kg8 46. Kd3 Kf8 47. Kd4 Re1 48. Bb7 Ra1 49.
Bc6 Rc1 50. Bb7 Rc2 51. h4 Ke7 52. Kd3 Rc7 53. Bg2 Kd6 54. Rf2 Ke5 $19 55. Bh3
Nd5 56. Re2+ Kf6 57. Kd4 Nf4 58. Re3 Nxh3 59. Rxh3 Kxf5 0-1

[Event "Pleven BUL, Junior Ch U20"]
[Site "Pleven BUL"]
[Date "2006.??.??"]
[Round "4"]
[White "Enchev, E."]
[Black "Bojchev, M."]
[Result "0-1"]
[WhiteElo "2013"]
[BlackElo "2318"]
[PlyCount "72"]
[EventDate "2006.02.22"]

1. e4 c5 2. Nf3 Nc6 3. d4 cxd4 4. Nxd4 e6 5. Be3 Nf6 6. Nc3 Qc7 7. Be2 Bb4 8.
Ndb5 Qb8 9. a3 Be7 10. O-O a6 11. Nd4 O-O 12. f4 d6 13. Kh1 $146 Bd7 14. Qe1
Nxd4 15. Bxd4 e5 16. Bg1 exf4 17. Qh4 $6 Nd5 18. Qh5 Nxc3 19. bxc3 g6 $6 {
19...Bf6!?} 20. Qh6 $14 Be6 21. Bd4 f6 22. Rxf4 Rf7 23. Bg4 Qc8 24. Bxe6 Qxe6
$11 25. Raf1 Raf8 26. h3 $6 b5 $15 27. Rg4 d5 28. exd5 Qxd5 $17 29. Ra1 Qe6 30.
Qd2 Bd6 31. a4 f5 $19 32. Rg5 Qe4 33. Rf1 bxa4 34. Qf2 Be7 35. Rg4 fxg4 36.
Qxf7+ Rxf7 0-1

[Event "Sunny Beach BUL, Team Ch (m) 2007"]
[Site "Sunny Beach BUL"]
[Date "2007.10.04"]
[Round "6.1"]
[White "Bojkov, Dejan"]
[Black "Bojchev, Marian"]
[Result "1/2-1/2"]
[WhiteElo "2520"]
[BlackElo "2397"]
[PlyCount "41"]
[EventDate "2007.09.29"]
[EventType "team"]
[EventRounds "7"]
[EventCountry "BUL"]

1. e4 c5 2. Nf3 e6 3. c3 Nf6 4. e5 Nd5 5. d4 cxd4 6. Bc4 Nb6 7. Bd3 dxc3 8.
Nxc3 d5 9. exd6 Bxd6 10. O-O Nc6 11. Qe2 Bd7 12. Rd1 Be7 13. Be4 O-O 14. Be3
Qc8 15. Bxb6 axb6 16. Qd3 Rd8 17. Bxh7+ Kh8 18. Be4 f5 19. Bxc6 Bxc6 20. Qc2
Bxf3 21. Rxd8+ 1/2-1/2

[Event "6th Kesarovski - Georgiev Mem"]
[Site "Sunny Beach BUL"]
[Date "2007.09.15"]
[Round "6.6"]
[White "Dimitrov, Pavel"]
[Black "Bojchev, Marian"]
[Result "1-0"]
[WhiteElo "2456"]
[BlackElo "2397"]
[PlyCount "97"]
[EventDate "2007.09.10"]
[EventType "swiss"]
[EventRounds "9"]
[EventCountry "BUL"]

1. e4 c5 2. Nf3 e6 3. d4 cxd4 4. Nxd4 Nf6 5. Nc3 d6 6. g3 a6 7. Bg2 Qc7 8. O-O
Be7 9. a4 Nc6 10. Nde2 O-O 11. Be3 b6 12. h3 Bb7 13. Qd2 Rac8 14. b3 Ne5 15.
Ra2 Ned7 16. g4 Nc5 17. f3 d5 18. e5 Nfd7 19. f4 Rfd8 20. Bd4 Nb8 21. Nd1 Nc6
22. Kh1 Ne4 23. Qe3 Nxd4 24. Nxd4 Bb4 25. Rf3 Bd2 26. Qd3 g5 27. fxg5 Qxe5 28.
h4 Be1 29. Rh3 Rc3 30. Nf3 Rxd3 31. cxd3 Qf4 32. Nxe1 Nc5 33. Rc2 d4 34. Nf2
Qe5 35. Nf3 Qd6 36. Nd2 Bd5 37. b4 Nxa4 38. Nfe4 Qxb4 39. Rc7 Kg7 40. Rf3 Rf8
41. h5 Nc5 42. h6+ Kg8 43. Nf6+ Kh8 44. Nxd5 Qxd2 45. Rfxf7 Qe1+ 46. Kh2 Qe5+
47. Kh3 Ra8 48. Rxh7+ Kg8 49. Nf6+ 1-0

[Event "6th Kesarovski - Georgiev Mem"]
[Site "Sunny Beach BUL"]
[Date "2007.09.13"]
[Round "4.3"]
[White "Georgiev, Vladimir"]
[Black "Bojchev, Marian"]
[Result "1/2-1/2"]
[WhiteElo "2567"]
[BlackElo "2397"]
[PlyCount "205"]
[EventDate "2007.09.10"]
[EventType "swiss"]
[EventRounds "9"]
[EventCountry "BUL"]

1. d4 Nf6 2. c4 e6 3. Nc3 Bb4 4. a3 Bxc3+ 5. bxc3 d6 6. f3 c5 7. e4 Nc6 8. d5
Na5 9. Bd3 b6 10. f4 Qe7 11. Nf3 exd5 12. cxd5 Nxe4 13. O-O f5 14. Re1 O-O 15.
Ng5 Qf6 16. Bxe4 fxe4 17. Nxe4 Qg6 18. Ng5 Bf5 19. g4 Bc2 20. f5 Bxd1 21. fxg6
Bxg4 22. gxh7+ Kh8 23. Ra2 Bf3 24. Rf2 Bxd5 25. Rd1 Bb3 26. Rxd6 Nc4 27. Rxf8+
Rxf8 28. Rd7 Bc2 29. Rxa7 Bxh7 30. Kg2 Bg8 31. Kg3 Re8 32. Bf4 Ne3 33. a4 Nd5
34. Nf3 Nxc3 35. Be5 Ne4+ 36. Kf4 Nf6 37. Ng5 Rf8 38. Bd6 Re8 39. a5 bxa5 40.
Bxc5 Nd5+ 41. Kf5 Bh7+ 42. Nxh7 Kxh7 43. Bd4 Rf8+ 44. Kg5 Nf6 45. Rxa5 Ne4+ 46.
Kg4 Nf6+ 47. Kf5 Ng8+ 48. Kg5 Rd8 49. Be5 Rd7 50. Kf5 Rf7+ 51. Ke6 Re7+ 52. Kd6
Rf7 53. Ra3 Nh6 54. Ke6 Rb7 55. Ra6 Kg6 56. Bc3 Ng4 57. h4 Kh5 58. Be1 Rb5 59.
Bg3 Nh6 60. Bf2 Rf5 61. Bd4 Rf7 62. Ra4 Rb7 63. Bc5 Rb1 64. Re4 Rf1 65. Be7 Kg6
66. Re2 Ng8 67. Rg2+ Kh7 68. Bg5 Re1+ 69. Kf5 Nh6+ 70. Kf4 Rf1+ 71. Ke4 Re1+
72. Kf3 Rf1+ 73. Ke2 Rf8 74. Kd3 Rf3+ 75. Ke4 Ra3 76. Rb2 Ra4+ 77. Kf3 Ra3+ 78.
Kg2 Ra7 79. Rb4 Nf7 80. Be3 Rd7 81. Kf3 Nh6 82. Rb5 Rf7+ 83. Bf4 Rf5 84. Rb6
Rf7 85. h5 Rf5 86. Rb3 Rxh5 87. Kg3 Ng8 88. Be3 Rd5 89. Rb7 Nf6 90. Bc1 Rd3+
91. Kf4 Kg6 92. Bb2 Nh5+ 93. Ke4 Rd6 94. Kf3 Ra6 95. Ke4 Ng3+ 96. Kf4 Nf5 97.
Rb4 Re6 98. Rb5 Ne7 99. Rg5+ Kf7 100. Rxg7+ Ke8 101. Rg1 Kf7 102. Rg7+ Ke8 103.
Rg1 1/2-1/2

[Event "6th Kesarovski - Georgiev Mem"]
[Site "Sunny Beach BUL"]
[Date "2007.09.16"]
[Round "7.12"]
[White "Ivanov, Bogidar"]
[Black "Bojchev, Marian"]
[Result "1/2-1/2"]
[WhiteElo "2188"]
[BlackElo "2397"]
[PlyCount "72"]
[EventDate "2007.09.10"]
[EventType "swiss"]
[EventRounds "9"]
[EventCountry "BUL"]

1. e4 c5 2. Nf3 e6 3. d4 cxd4 4. Nxd4 Nf6 5. Nc3 d6 6. Be2 Nc6 7. Be3 Be7 8.
O-O O-O 9. f4 e5 10. Nf5 Bxf5 11. exf5 exf4 12. Rxf4 d5 13. Kh1 Re8 14. Bg1 Bd6
15. Rf1 Be5 16. Rf3 d4 17. Na4 Qa5 18. c3 b5 19. Nc5 dxc3 20. bxc3 b4 21. cxb4
Nxb4 22. Rb1 Nxa2 23. Rb5 Qd8 24. Qxd8 Raxd8 25. Rb7 Bd4 26. Bf1 a5 27. Rd3
Bxg1 28. Rxd8 Rxd8 29. Kxg1 Ng4 30. Ra7 Nb4 31. Rxa5 Nd3 32. Ne4 Nde5 33. Ng3
h6 34. Ra3 Re8 35. Bd3 Nf6 36. h3 Nxd3 1/2-1/2

[Event "Sunny Beach BUL, Team Ch (m) 2007"]
[Site "Sunny Beach BUL"]
[Date "2007.09.29"]
[Round "1.2"]
[White "Radulov, Ivan"]
[Black "Bojchev, Marian"]
[Result "1/2-1/2"]
[WhiteElo "2303"]
[BlackElo "2397"]
[PlyCount "87"]
[EventDate "2007.09.29"]
[EventType "team"]
[EventRounds "7"]
[EventCountry "BUL"]

1. Nf3 c5 2. g3 Nc6 3. d4 cxd4 4. Nxd4 Qb6 5. Nb3 Nf6 6. Bg2 e6 7. c4 d6 8. O-O
Ne5 9. Na3 a6 10. Bf4 Nfd7 11. Rc1 Be7 12. Qd2 O-O 13. h3 Qc7 14. e4 b6 15. Be3
Bb7 16. f4 Ng6 17. Qf2 Nc5 18. Nxc5 bxc5 19. Nb1 Bc6 20. Nc3 Qb7 21. Rfd1 Rfd8
22. Qc2 Bf6 23. Rd3 Rab8 24. b3 Bxc3 25. Rxc3 f6 26. Kh2 e5 27. f5 Ne7 28. g4
g5 29. fxg6 hxg6 30. Rf1 Rf8 31. Qd2 Rbd8 32. Rd3 Bxe4 33. Bxe4 Qxe4 34. Bxc5
Nc8 35. Bxd6 Nxd6 36. Rxd6 Rxd6 37. Qxd6 Qe2+ 38. Kg1 Qe3+ 39. Kg2 Kg7 40. Qd5
e4 41. g5 f5 42. Qe5+ Kg8 43. Qe6+ Kg7 44. Qe5+ 1/2-1/2

[Event "Sunny Beach BUL, Team Ch (m) 2007"]
[Site "Sunny Beach BUL"]
[Date "2007.10.01"]
[Round "3.3"]
[White "Todorov, Mladen"]
[Black "Bojchev, Marian"]
[Result "1/2-1/2"]
[WhiteElo "2202"]
[BlackElo "2397"]
[PlyCount "47"]
[EventDate "2007.09.29"]
[EventType "team"]
[EventRounds "7"]
[EventCountry "BUL"]

1. e4 c5 2. Nf3 e6 3. d4 cxd4 4. Nxd4 Nf6 5. Nc3 d6 6. g4 a6 7. g5 Nfd7 8. h4
b5 9. a3 Bb7 10. h5 Nc6 11. Be3 Rc8 12. Rg1 Nce5 13. g6 hxg6 14. hxg6 Nxg6 15.
Nxe6 fxe6 16. Rxg6 Nf6 17. Qd3 Qa5 18. O-O-O b4 19. axb4 Qa1+ 20. Kd2 Qxb2 21.
Rxf6 gxf6 22. Rb1 Qa3 23. Rb3 Qa1 24. Rb1 1/2-1/2

[Event "6th Kesarovski - Georgiev Mem"]
[Site "Sunny Beach BUL"]
[Date "2007.09.18"]
[Round "9.10"]
[White "Todorov, Ognjan"]
[Black "Bojchev, Marian"]
[Result "0-1"]
[WhiteElo "2305"]
[BlackElo "2397"]
[PlyCount "70"]
[EventDate "2007.09.10"]
[EventType "swiss"]
[EventRounds "9"]
[EventCountry "BUL"]

1. d4 Nf6 2. c4 e6 3. Nf3 b6 4. e3 Bb7 5. Bd3 c5 6. O-O cxd4 7. exd4 Be7 8. b3
O-O 9. Bb2 d5 10. Nbd2 Nbd7 11. Re1 Rc8 12. Rc1 dxc4 13. bxc4 Re8 14. Qe2 Qc7
15. h3 Nh5 16. Qe3 Nf4 17. Bf1 Ng6 18. Ne4 Nf6 19. Nc3 Qb8 20. Nb5 Bc6 21. Red1
Bxb5 22. cxb5 Nd5 23. Qb3 Bd6 24. Rc6 Nge7 25. Rxc8 Rxc8 26. Nd2 g6 27. Nc4
Bh2+ 28. Kh1 Bc7 29. a4 Rd8 30. Re1 Qb7 31. Ra1 Nf4 32. Kg1 Nf5 33. Rd1 Qe4 34.
Ne3 Nxd4 35. Ng4 Nxb3 0-1

[Event "Sunny Beach BUL, Team Ch (m) 2007"]
[Site "Sunny Beach BUL"]
[Date "2007.10.03"]
[Round "5.4"]
[White "Yordanov, Nikolay"]
[Black "Bojchev, Marian"]
[Result "0-1"]
[WhiteElo "2257"]
[BlackElo "2397"]
[PlyCount "118"]
[EventDate "2007.09.29"]
[EventType "team"]
[EventRounds "7"]
[EventCountry "BUL"]

1. e4 c5 2. Nf3 e6 3. c3 Nf6 4. e5 Nd5 5. d4 cxd4 6. cxd4 d6 7. Bc4 Nb6 8. Bd3
Nc6 9. O-O Nb4 10. Bg5 Be7 11. Bxe7 Qxe7 12. Bb5+ Bd7 13. Nc3 d5 14. a3 Nc6 15.
Bd3 O-O 16. b4 a6 17. Qc2 h6 18. Qe2 Rfc8 19. Rfc1 Na7 20. h4 Qe8 21. Nd2 Bb5
22. Nxb5 Nxb5 23. Bxb5 axb5 24. Qd3 Nc4 25. f4 Nxa3 26. f5 Rxc1+ 27. Rxc1 Nc4
28. f6 Qf8 29. Nf3 Ra3 30. Qb1 gxf6 31. exf6 Qd8 32. Rf1 Qxf6 33. Qe1 Qf4 34.
Kh1 Re3 35. Qd1 Qg3 36. h5 Re4 37. Re1 Qg4 38. Kg1 Qxh5 39. Kf2 Rxe1 40. Qxe1
Qg4 41. Qc1 Kg7 42. Qc3 Qf4 43. g3 Qe4 44. Qc1 e5 45. dxe5 Nxe5 46. Nxe5 Qxe5
47. Qc5 Qf5+ 48. Kg1 Qd3 49. Qd6 Qe3+ 50. Kg2 Qe4+ 51. Kf2 d4 52. Qc5 d3 53.
Qc3+ Kg6 54. Qh8 Qe2+ 55. Kg1 Qe3+ 56. Kg2 d2 57. Qg8+ Kf6 58. Qd8+ Kg7 59. Kh3
Qe6+ 0-1

[Event "Plovdiv BUL, Georgi Tringov Mem 07"]
[Site "Plovdiv BUL"]
[Date "2007.02.08"]
[Round "5.14"]
[White "Angelov, Angel"]
[Black "Bojchev, Marian"]
[Result "0-1"]
[WhiteElo "2228"]
[BlackElo "2394"]
[PlyCount "85"]
[EventDate "2007.02.05"]

1. e4 c5 2. Nf3 e6 3. c4 Nc6 4. d4 cxd4 5. Nxd4 Nf6 6. Nc3 Bb4 7. Nxc6 dxc6 8.
Qxd8+ Kxd8 9. Bd2 e5 10. f3 Be6 11. O-O-O Ke7 12. Nd5+ Nxd5 13. exd5 Bxd2+ 14.
Rxd2 cxd5 15. cxd5 Rac8+ 16. Kd1 Bd7 17. d6+ Ke6 18. Bd3 f5 19. Bc2 Kf6 20. Re1
Rhd8 21. Re3 Be6 22. g4 g6 23. g5+ Kxg5 24. Rxe5 Kf6 25. Rb5 Rd7 26. Rb4 Rc4
27. Rxc4 Bxc4 28. Rd4 Be6 29. Ke2 Ke5 30. Ke3 g5 31. Rb4 b6 32. Rb5+ Kf6 33. f4
h6 34. a4 Rxd6 35. a5 Bd7 36. Rb4 bxa5 37. Rb7 a6 38. h3 Be6 39. Rh7 gxf4+ 40.
Kxf4 Rd4+ 41. Kf3 Rd2 42. Rc7 Ke5 43. h4 0-1

[Event "Plovdiv BUL, Georgi Tringov Mem 07"]
[Site "Plovdiv BUL"]
[Date "2007.02.06"]
[Round "3.14"]
[White "Milosevic, Aleksandar"]
[Black "Bojchev, Marian"]
[Result "1/2-1/2"]
[WhiteElo "2273"]
[BlackElo "2394"]
[PlyCount "33"]
[EventDate "2007.02.05"]

1. Nf3 c5 2. c4 Nc6 3. e3 Nf6 4. Nc3 e6 5. d4 cxd4 6. exd4 d5 7. a3 dxc4 8.
Bxc4 Be7 9. O-O O-O 10. Re1 b6 11. Ba2 Bd7 12. d5 exd5 13. Nxd5 Nxd5 14. Qxd5
Bf6 15. Qh5 g6 16. Qh6 Bg7 17. h3 1/2-1/2

[Event "Plovdiv BUL, Georgi Tringov Mem 07"]
[Site "Plovdiv BUL"]
[Date "2007.02.09"]
[Round "7.14"]
[White "Panajotov, Janko"]
[Black "Bojchev, Marian"]
[Result "1/2-1/2"]
[WhiteElo "2259"]
[BlackElo "2394"]
[PlyCount "61"]
[EventDate "2007.02.05"]

1. e4 c5 2. Nf3 e6 3. d4 cxd4 4. Nxd4 Nf6 5. Nc3 d6 6. Bg5 h6 7. Bh4 Be7 8. Bg3
a6 9. Bd3 Qc7 10. Qe2 Nbd7 11. O-O-O Ne5 12. f4 Nxd3+ 13. Rxd3 O-O 14. e5 dxe5
15. fxe5 Nd7 16. Rhd1 Nc5 17. Rf3 b5 18. b4 Nd7 19. a3 Bb7 20. Rfd3 Rfd8 21.
Ne4 Qc4 22. Kb2 Nb6 23. Nd6 Na4+ 24. Kb1 Bxd6 25. exd6 Nc3+ 26. Rxc3 Qxc3 27.
Rd3 Qc4 28. Be5 Qd5 29. Rg3 g6 30. Qh5 Kh7 31. Qxh6+ 1/2-1/2

[Event "Pernik BUL, 71st Men Ch"]
[Site "Pernik BUL"]
[Date "2007.03.19"]
[Round "12.4"]
[White "Tsvetkov, Ilia"]
[Black "Bojchev, Marian"]
[Result "1-0"]
[WhiteElo "2324"]
[BlackElo "2366"]
[PlyCount "123"]
[EventDate "2007.03.10"]

1. c4 c5 2. Nf3 Nc6 3. Nc3 Nf6 4. d4 cxd4 5. Nxd4 e6 6. Ndb5 d6 7. Bf4 e5 8.
Bg5 a6 9. Bxf6 gxf6 10. Na3 f5 11. e3 Bg7 12. Be2 O-O 13. O-O Be6 14. Qd2 Qd7
15. Rfd1 Rad8 16. Rac1 Ne7 17. Nd5 Ng6 18. Nb1 Kh8 19. Nbc3 e4 20. Nf4 Be5 21.
g3 Rg8 22. Ncd5 Rb8 23. b4 Rgd8 24. Qc2 Qe8 25. Nb6 Qe7 26. c5 dxc5 27. bxc5
Nxf4 28. gxf4 Bg7 29. Kh1 Rxd1+ 30. Rxd1 Rg8 31. Bf1 Rd8 32. Rxd8+ Qxd8 33. Bc4
Qc7 34. Bb3 h6 35. Nd5 Qd7 36. Qd1 Kh7 37. Kg2 Qd8 38. h3 Kg8 39. f3 exf3+ 40.
Qxf3 Bf8 41. e4 fxe4 42. Qxe4 Bxc5 43. Qe5 Qd6 44. Qe4 Bd7 45. f5 Kf8 46. h4
Bc6 47. Kh3 Bf2 48. Kg4 Be8 49. f6 Bd7+ 50. Kh5 Be6 51. Kxh6 b5 52. Nf4 Bd7 53.
Nh5 Bd4 54. Qa8+ Be8 55. Qf3 a5 56. Qf5 Qh2 57. Qg5 Bxf6 58. Nxf6 Qd6 59. Kh7
Qd3+ 60. Kh8 Qd4 61. Qg7+ Ke7 62. Ng8+ 1-0

[Event "5th Kesarovski - Georgiev Mem"]
[Site "Sunny Beach, BUL"]
[Date "2006.09.03"]
[Round "2.12"]
[White "Ljangov, Petar"]
[Black "Bojchev, Marian"]
[Result "0-1"]
[WhiteElo "2176"]
[BlackElo "2325"]
[PlyCount "72"]
[EventDate "2006.09.02"]

1. e4 c5 2. Nf3 e6 3. b3 Nf6 4. e5 Nd5 5. Bb2 Nc6 6. c4 Nc7 7. Be2 Be7 8. O-O
O-O 9. Nc3 d6 10. exd6 Qxd6 11. Ne4 Qf4 12. d3 e5 13. Bc1 Qf5 14. Be3 b6 15.
Qc1 Bb7 16. Qb2 Rfe8 17. Rad1 Bf8 18. Bd2 f6 19. Rfe1 Qd7 20. Bc3 Ne6 21. g3
Ncd4 22. Bxd4 cxd4 23. Bf1 a5 24. a4 Bb4 25. Re2 Nc5 26. Nxc5 bxc5 27. Bg2 e4
28. dxe4 Rxe4 29. Rxe4 Bxe4 30. Ne1 Bxg2 31. Nxg2 d3 32. Nf4 d2 33. Qc2 Re8 34.
Nd5 Qg4 35. Ne3 Rxe3 36. fxe3 Qe2 0-1

[Event "5th Kesarovski - Georgiev Mem"]
[Site "Sunny Beach, BUL"]
[Date "2006.09.09"]
[Round "8.2"]
[White "Schebler, Gerhard"]
[Black "Bojchev, Marian"]
[Result "1/2-1/2"]
[WhiteElo "2499"]
[BlackElo "2325"]
[PlyCount "58"]
[EventDate "2006.09.02"]

1. Nf3 c5 2. c4 Nc6 3. Nc3 Nf6 4. g3 e6 5. Bg2 d5 6. cxd5 Nxd5 7. O-O Nxc3 8.
bxc3 Bd6 9. d4 O-O 10. Qd3 h6 11. Rd1 Qc7 12. Ba3 Rd8 13. Qe4 cxd4 14. Bxd6
Rxd6 15. cxd4 Bd7 16. Rac1 Be8 17. Ne5 Rad8 18. e3 Qe7 19. Nc4 R6d7 20. Qb1 Rc7
21. h4 Rdc8 22. Bf1 Qd8 23. Qb2 Ne7 24. Nd2 Rxc1 25. Rxc1 Rxc1 26. Qxc1 Bc6 27.
Qb2 Qa5 28. Bg2 Bxg2 29. Kxg2 Qd5+ 1/2-1/2

[Event "5th Kesarovski - Georgiev Mem"]
[Site "Sunny Beach, BUL"]
[Date "2006.09.08"]
[Round "7.6"]
[White "Velcheva, Maria"]
[Black "Bojchev, Marian"]
[Result "0-1"]
[WhiteElo "2295"]
[BlackElo "2325"]
[PlyCount "122"]
[EventDate "2006.09.02"]

1. e4 c5 2. Nf3 e6 3. d4 cxd4 4. Nxd4 Nf6 5. Nc3 d6 6. Be2 Nc6 7. O-O Be7 8.
Be3 O-O 9. f4 e5 10. Nxc6 bxc6 11. Kh1 exf4 12. Bxf4 Qc7 13. Qe1 Rb8 14. b3 Nd7
15. Qg3 Kh8 16. Rad1 Ne5 17. Bxe5 dxe5 18. Bc4 f6 19. Rd3 Bd7 20. Rfd1 Rbd8 21.
Qe3 Bg4 22. Rxd8 Rxd8 23. Rxd8+ Bxd8 24. h3 Bc8 25. Qd3 Be7 26. a4 g6 27. Ne2
Kg7 28. Qc3 Qb6 29. Qf3 Qd8 30. Ng3 Qd2 31. Kh2 Bc5 32. Qd3 Qf4 33. Kh1 Qc1+
34. Nf1 Qe1 35. Qe2 Qxe2 36. Bxe2 f5 37. exf5 Bxf5 38. c3 a5 39. g4 Bc2 40. Nd2
e4 41. Kg2 g5 42. Kf1 h6 43. Bc4 Kf6 44. Ke2 Ke5 45. Ba6 Kf4 46. Bb7 Bd3+ 47.
Ke1 Be7 48. Bxc6 Bf6 49. Bb5 Bc2 50. Ke2 Bxc3 51. Bc4 Bd4 52. Nf1 e3 53. Bd5
Bc5 54. Nh2 Ke5 55. Bc4 Be4 56. Nf3+ Kf4 57. Ne1 Kg3 58. Nd3 Bf3+ 59. Kf1 Bd4
60. Ne1 Bd1 61. Be6 e2# 0-1

[Event "BUL, 4th Memorial Georgiev-Kesarovski"]
[Site "Sunny Beach"]
[Date "2005.09.22"]
[Round "7.5"]
[White "Bojkov, Dejan"]
[Black "Bojchev, Marian"]
[Result "1-0"]
[WhiteElo "2522"]
[BlackElo "2240"]
[PlyCount "99"]
[EventDate "2005.09.??"]
[EventType "swiss"]
[EventRounds "9"]
[EventCountry "BUL"]

1. e4 c5 2. Nf3 e6 3. c3 Nf6 4. d3 b6 5. Nbd2 Bb7 6. Be2 d6 7. O-O Be7 8. Re1
O-O 9. Bf1 Qc7 10. a3 Rc8 11. b3 Ba6 12. Bb2 Nbd7 13. Rc1 d5 14. exd5 Nxd5 15.
c4 N5f6 16. d4 cxd4 17. Nxd4 Nf8 18. Nb5 Qc6 19. Be2 Bb7 20. Bf3 Qd7 21. Bxb7
Qxb7 22. Bxf6 gxf6 23. Ne4 Qc6 24. Qd4 a6 25. Nbc3 Nd7 26. Re3 Rd8 27. Rg3+ Kf8
28. Qe3 f5 29. Ng5 Nf6 {Diagram #} 30. Nxh7+ $1 Nxh7 31. Qh6+ Ke8 32. Qxh7 Qd6
33. h4 Qf4 34. Re1 Bxh4 35. Rf3 Qd2 36. Re2 Qc1+ 37. Kh2 Be7 {Diagram #} 38.
Nd5 $3 exd5 39. Rxf5 Kd7 {Diagram #} 40. Rxe7+ $1 Kd6 41. Rf6+ Kc5 42. Qh4 Qxa3
43. Rc7+ Kb4 44. Rxb6+ Ka5 45. Rh6 Rd6 46. Rh5 Qxb3 47. Qd4 Qb4 48. Rc5+ Ka4
49. Rh3 Qe1 50. cxd5+ 1-0